Statistics for Top Oil Producing Countries Quiz

Click here to take the quiz!

General Stats

  • This quiz has been taken 79,648 times
    (17,280 since last reset)
  • The average score is 16 of 20

Answer Stats

Barrels / Day Country % Correct
11.0 milUnited States
99%
10.4 milSaudi Arabia
97%
10.8 milRussia
95%
4.25 milIran
94%
4.61 milIraq
93%
3.77 milChina
90%
4.26 milCanada
88%
3.22 milUnited Arab Emirates
85%
1.00 milUnited Kingdom
83%
2.59 milBrazil
83%
1.85 milMexico
82%
2.81 milKuwait
80%
1.46 milQatar
79%
1.48 milVenezuela
75%
1.52 milNorway
71%
1.04 milLibya
60%
1.99 milNigeria
59%
1.26 milAlgeria
58%
1.86 milKazakhstan
53%
1.59 milAngola
28%

Score Distribution

Percentile by Number Answered

Percent of People with Each Score

Your Score History

You have not taken this quiz since the last reset